[Event "IX Open Primavera"]
[Site "Como ITA"]
[Date "2014.04.17"]
[Round "7"]
[White "Rossi, Silio"]
[Black "Gonella, Graziano"]
[WhiteElo "1505"]
[BlackElo "1163"]
[Result "1-0"]
[PlyCount "99"]
[EventDate "2014.03.06"]

1. b4 Nf6 2. e3 d5 3. Nf3 e6 4. b5 a6 5. bxa6 bxa6 6. Nd4 c5 7. Nf3 Bd6 8. c3
O-O 9. Be2 Bb7 10. d4 cxd4 11. exd4 Qc7 12. O-O Ng4 13. g3 Nf6 14. Bb2 Nbd7 15.
Ng5 e5 16. Nf3 e4 17. Nh4 g6 18. Ng2 Rfe8 19. Qd2 Rad8 20. Ba3 Bxa3 21. Nxa3
Qd6 22. Nc2 a5 23. Rfb1 Ba6 24. a4 Bxe2 25. Qxe2 Rc8 26. Rb3 Qc6 27. Nge3 Nb6
28. Qb5 Qxb5 29. axb5 Nc4 30. Nxc4 dxc4 31. Rba3 Nd5 32. Ne3 Nxe3 33. fxe3 Rb8
34. Rxa5 f5 35. Rb1 Re7 36. b6 Reb7 37. Rab5 Ra8 38. Rc5 Ra6 39. Rc8+ Kg7 40.
Rc7+ Rxc7 41. bxc7 Rc6 42. Rb7 Kh6 43. Kg2 Kg5 44. h3 h5 45. Kf2 h4 46. gxh4+
Kxh4 47. Kg2 g5 48. c8=Q Rh6 49. Qxf5 Kh5 50. Rg7 1-0

[Event "IX Open Primavera"]
[Site "Como ITA"]
[Date "2014.04.17"]
[Round "7"]
[White "Rossini, Fulvio"]
[Black "Canali, Marco"]
[WhiteElo "1827"]
[BlackElo "1832"]
[Result "1-0"]
[PlyCount "81"]
[EventDate "2014.03.06"]

1. e4 e5 2. Bc4 Nf6 3. Nc3 Nc6 4. d3 Bb4 5. Nge2 d5 6. exd5 Nxd5 7. O-O Be6 8.
Bxd5 Bxd5 9. Nxd5 Qxd5 10. a3 Bd6 11. Nc3 Qe6 12. f4 O-O-O 13. f5 Qd7 14. Be3
f6 15. Qe2 Kb8 16. Qf2 g6 17. b4 g5 18. Ne4 Be7 19. Rfd1 b6 20. c3 Qd5 21. Rab1
Qb5 22. Qc2 Qd5 23. b5 Na5 24. a4 Qd7 25. Qf2 Nb7 26. d4 Qd5 27. Qf3 exd4 28.
Bxd4 Qf7 29. Re1 Nd6 30. Nxd6 Rxd6 31. Re2 Rhd8 32. Rbe1 Bf8 33. Re6 h5 34. Qe3
Bg7 35. Re7 Qg8 36. a5 Bf8 37. Re6 Qf7 38. a6 Rxe6 39. fxe6 Qe7 40. Qe4 c5 41.
Bxf6 1-0

[Event "IX Open Primavera"]
[Site "Como ITA"]
[Date "2014.04.17"]
[Round "7"]
[White "Zerboni, Giuseppe"]
[Black "Gonella, Daniele"]
[WhiteElo "1596"]
[BlackElo "2143"]
[Result "0-1"]
[PlyCount "98"]
[EventDate "2014.03.06"]

1. Nf3 c5 2. d4 cxd4 3. Nxd4 Nc6 4. Nc3 Nf6 5. Bg5 e6 6. e4 Bb4 7. Qd2 Nxe4 8.
Bxd8 Nxd2 9. Nxc6 bxc6 10. Bc7 Ne4 11. Be5 f6 12. a3 Bxc3+ 13. Bxc3 Nxc3 14.
bxc3 Rb8 15. Bd3 d5 16. Kd2 Bd7 17. h4 h6 18. Bg6+ Ke7 19. g4 e5 20. f3 c5 21.
Rhe1 Kd6 22. Ke3 Rb2 23. Red1 Rc8 24. c4 d4+ 25. Kd3 Be6 26. Rdb1 Rcb8 27. Rxb2
Rxb2 28. h5 Bd7 29. Be4 Ke7 30. Bd5 Ba4 31. Rc1 Ra2 32. Be4 Rxa3+ 33. Kd2 Bd7
34. Rb1 f5 35. gxf5 Kf6 36. Rb7 Bxf5 37. Bxf5 Kxf5 38. Rxg7 Rxf3 39. Rg6 e4 40.
Rxh6 Rf2+ 41. Kd1 Rh2 42. Rh8 Kf4 43. h6 Ke3 44. Kc1 Rh1+ 45. Kb2 Kd2 46. h7 e3
47. Kb3 e2 48. Rc8 Rxh7 49. Rxc5 e1=Q 0-1

[Event "C.to Provinciale CR"]
[Site "Cremona ITA"]
[Date "2014.03.12"]
[Round "1"]
[White "Volpati, Antonio"]
[Black "Romagnoli, Franco"]
[WhiteElo "1630"]
[BlackElo "2061"]
[Result "1/2-1/2"]
[PlyCount "101"]
[EventDate "2014.03.05"]

1. e4 c5 2. Nf3 Nc6 3. Be2 g6 4. d4 cxd4 5. Nxd4 Bg7 6. c3 Qb6 7. Nb3 Nf6 8.
Be3 Qc7 9. N1d2 d5 10. Bf3 dxe4 11. Nxe4 Bf5 12. Nxf6+ Bxf6 13. O-O Ne5 14. Bf4
Rd8 15. Nd4 Qb6 16. Qb3 Nxf3+ 17. Nxf3 Qxb3 18. axb3 a6 19. Be5 Bxe5 20. Nxe5
Rd5 21. Nf3 e5 22. Rfe1 f6 23. Rad1 Rxd1 24. Rxd1 Ke7 25. Ne1 Rd8 26. Rxd8 Kxd8
27. f3 Kd7 28. Kf2 a5 29. Ke3 Kd6 30. Nd3 Bxd3 31. Kxd3 Kd5 32. Ke3 f5 33. g3
b5 34. Kd3 g5 35. h3 h5 36. g4 fxg4 37. fxg4 hxg4 38. hxg4 e4+ 39. Ke3 Ke5 40.
c4 bxc4 41. bxc4 a4 42. c5 Kd5 43. c6 Kxc6 44. Kxe4 Kc5 45. Kf5 Kb4 46. Kxg5
Kb3 47. Kh6 Kxb2 48. g5 a3 49. g6 a2 50. g7 a1=Q 51. g8=Q 1/2-1/2

[Event "C.to Provinciale CR"]
[Site "Cremona ITA"]
[Date "2014.03.05"]
[Round "2"]
[White "Romagnoli, Franco"]
[Black "Righini, Giovanni"]
[WhiteElo "2061"]
[BlackElo "1895"]
[Result "1-0"]
[PlyCount "53"]
[EventDate "2014.03.05"]

1. e4 e6 2. Nf3 b6 3. d4 Bb7 4. Bd3 Nf6 5. Qe2 d5 6. Nbd2 dxe4 7. Nxe4 Nbd7 8.
O-O Be7 9. Ne5 Nxe4 10. Bxe4 Bxe4 11. Qxe4 Nxe5 12. dxe5 O-O 13. Qg4 Qd5 14.
Bf4 Rad8 15. Rfe1 Qc4 16. c3 a5 17. b3 Qd3 18. Re3 Qc2 19. Rg3 g6 20. h4 Rd3
21. Rxd3 Qxd3 22. Rd1 Qxc3 23. Rc1 Qb2 24. Rxc7 Bc5 25. Qf3 Re8 26. Bg3 Re7 27.
Rc8+ 1-0

[Event "C.to Provinciale CR"]
[Site "Cremona ITA"]
[Date "2014.03.19"]
[Round "4"]
[White "Romagnoli, Franco"]
[Black "Poli, Tiberio"]
[WhiteElo "2061"]
[BlackElo "1664"]
[Result "1-0"]
[PlyCount "65"]
[EventDate "2014.03.05"]

1. e4 c5 2. b4 b6 3. bxc5 bxc5 4. Nc3 d6 5. Nf3 Nf6 6. Bc4 Bg4 7. O-O Nc6 8.
Bb5 Bd7 9. Re1 e5 10. Bxc6 Bxc6 11. d3 Be7 12. Ne2 Bd7 13. Ng3 Bg4 14. h3 Be6
15. Ng5 h6 16. Nxe6 fxe6 17. Nh5 Nxh5 18. Qxh5+ Kd7 19. Rb1 Rb8 20. Bd2 Qg8 21.
Rb3 Kc6 22. Reb1 Rxb3 23. Rxb3 g6 24. Qd1 Qf7 25. Qb1 Bh4 26. f3 g5 27. Ra3 Qb7
28. Rb3 Qf7 29. Ba5 h5 30. Rb6+ axb6 31. Qxb6+ Kd7 32. Qc7+ Ke8 33. Qd8# 1-0

[Event "C.to Provinciale CR"]
[Site "Cremona ITA"]
[Date "2014.03.19"]
[Round "4"]
[White "Volpati, Antonio"]
[Black "Righini, Giovanni"]
[WhiteElo "1630"]
[BlackElo "1895"]
[Result "1/2-1/2"]
[PlyCount "94"]
[EventDate "2014.03.05"]

1. e4 e6 2. d4 b6 3. Nf3 Bb7 4. Bd3 Nf6 5. e5 Ne4 6. Nbd2 Nxd2 7. Bxd2 Be7 8.
Qe2 O-O 9. O-O d6 10. Rad1 Nd7 11. Ne1 c5 12. c3 Qc7 13. f4 g6 14. Nf3 Rfe8 15.
Ng5 Kg7 16. Qg4 Bxg5 17. Qxg5 Qd8 18. Rde1 f6 19. Qg3 dxe5 20. fxe5 f5 21. Bg5
Qc7 22. Qh4 c4 23. Qh6+ Kg8 24. Be2 b5 25. a3 Be4 26. Bf3 Bxf3 27. Rxf3 Nb6 28.
h4 Qg7 29. Qxg7+ Kxg7 30. Bf6+ Kf7 31. h5 Nd5 32. hxg6+ hxg6 33. Bg5 Rh8 34.
Rh3 a5 35. Rxh8 Rxh8 36. g3 Rh5 37. Bd8 a4 38. Kg2 f4 39. g4 f3+ 40. Kg3 Rh8
41. Bg5 Kg7 42. Rf1 Rf8 43. Rxf3 Rxf3+ 44. Kxf3 Kf7 45. Kg3 Kg7 46. Kh4 Kh7 47.
Bd2 Kg7 1/2-1/2

[Event "C.to Provinciale CR"]
[Site "Cremona ITA"]
[Date "2014.04.09"]
[Round "6"]
[White "Volpati, Antonio"]
[Black "Poli, Tiberio"]
[WhiteElo "1630"]
[BlackElo "1664"]
[Result "1-0"]
[PlyCount "105"]
[EventDate "2014.03.05"]

1. e4 c5 2. Nf3 d6 3. d4 cxd4 4. Nxd4 a6 5. Bc4 e6 6. O-O Nf6 7. Bg5 Be7 8. Nd2
O-O 9. Kh1 Nbd7 10. f4 Nc5 11. Qe2 Re8 12. Rad1 e5 13. N4b3 b5 14. Bd3 Nxb3 15.
axb3 Bb7 16. b4 Qd7 17. c3 Rad8 18. Bc2 Ng4 19. Bxe7 Rxe7 20. f5 Nf6 21. Nf3
Qc6 22. Nd2 Red7 23. Rfe1 d5 24. Nf3 Re8 25. exd5 Qd6 26. Ng5 Bxd5 27. Ne4 Nxe4
28. Bxe4 Qc6 29. Rxd5 Rxd5 30. Bxd5 Qxd5 31. Rd1 Qc6 32. Kg1 f6 33. Kf2 g6 34.
Qd3 Qc8 35. fxg6 h6 36. Qd7 Qxd7 37. Rxd7 f5 38. h4 f4 39. h5 e4 40. Rd6 Re5
41. Rf6 Rxh5 42. Rxf4 Re5 43. Ke3 Rg5 44. g4 Kg7 45. Rxe4 Kxg6 46. Kf4 Kg7 47.
b3 Rg6 48. Re7+ Kf6 49. Ra7 Rg7 50. Rxa6+ Ke7 51. Ra7+ Kf8 52. Rxg7 Kxg7 53. c4
1-0

[Event "C.to Provinciale CR"]
[Site "Cremona ITA"]
[Date "2014.04.16"]
[Round "7"]
[White "Poli, Tiberio"]
[Black "Righini, Giovanni"]
[WhiteElo "1664"]
[BlackElo "1895"]
[Result "0-1"]
[PlyCount "128"]
[EventDate "2014.03.05"]

1. d4 e6 2. e4 b6 3. Bd3 Bb7 4. Nc3 Bb4 5. Qg4 Nf6 6. Qe2 d5 7. e5 Ne4 8. Bd2
Bxc3 9. bxc3 Nxd2 10. Qxd2 Ba6 11. Nf3 Bxd3 12. Qxd3 Nc6 13. O-O Na5 14. Nd2
O-O 15. c4 dxc4 16. Nxc4 Qd5 17. Ne3 Qd7 18. Rfd1 Rfd8 19. c3 c5 20. Rd2 Qe7
21. f4 cxd4 22. cxd4 Nc6 23. Qe4 Qb4 24. Rad1 Ne7 25. f5 Nd5 26. Nxd5 Rxd5 27.
Qg4 exf5 28. Qxf5 Rad8 29. Qe4 Qe7 30. Re1 Qd7 31. Red1 Qe6 32. Qd3 g6 33. h3
Rxd4 34. Qe2 Rxd2 35. Rxd2 Rxd2 36. Qxd2 Qxe5 37. Qd8+ Kg7 38. Qa8 Qd4+ 39. Kh1
Qa1+ 40. Kh2 Qe5+ 41. Kh1 Qa1+ 42. Kh2 Qxa2 43. Qb7 Qa1 44. Qc7 b5 45. Qc5 a6
46. Qb4 Qe5+ 47. Kh1 h5 48. Qa5 Qf6 49. Qb4 Qf1+ 50. Kh2 Qc4 51. Qa5 Qf4+ 52.
Kh1 Qd6 53. Qa1+ f6 54. Qa5 b4 55. Qa4 Qe7 56. Qxa6 Qe1+ 57. Kh2 Qe5+ 58. Kh1
Qc3 59. Qa7+ Kh6 60. Qb8 b3 61. h4 Qe1+ 62. Kh2 Qxh4+ 63. Kg1 Qe1+ 64. Kh2 Qe5+
0-1

[Event "XXXVI C.to Italiano Seniores"]
[Site "Fano ITA"]
[Date "2014.04.17"]
[Round "4"]
[White "Barlocco, Carlo"]
[Black "Bruno, Fabio"]
[WhiteElo "2089"]
[BlackElo "2413"]
[Result "0-1"]
[PlyCount "62"]
[EventDate "2014.04.14"]

1. e4 c5 2. Nf3 e6 3. b3 b6 4. Bb2 Bb7 5. e5 Nc6 6. Bb5 Nge7 7. O-O Ng6 8. Na3
a6 9. Bxc6 Bxc6 10. Re1 Qc7 11. Nc4 b5 12. Ne3 Qb7 13. d4 Bxf3 14. gxf3 cxd4
15. Ng2 Bc5 16. Re4 Rc8 17. Rc1 Qd5 18. Bxd4 Bxd4 19. Rxd4 Qxe5 20. Rxd7 O-O
21. c4 Qg5 22. Kf1 Qh5 23. Rd4 Qxh2 24. Rg4 Rfd8 25. Qc2 bxc4 26. bxc4 Rc5 27.
Qc3 h5 28. Rg3 Qh1+ 29. Ke2 Re5+ 30. Qxe5 Qxc1 31. Qg5 Qd1+ 0-1

[Event "XXXVI C.to Italiano Seniores"]
[Site "Fano ITA"]
[Date "2014.04.17"]
[Round "4"]
[White "Facchetti, Gianni"]
[Black "Cavatorta, Fosco"]
[WhiteElo "2086"]
[BlackElo "1906"]
[Result "1-0"]
[PlyCount "71"]
[EventDate "2014.04.14"]

1. e4 d6 2. d4 Nf6 3. Nc3 e5 4. dxe5 dxe5 5. Qxd8+ Kxd8 6. f4 Bb4 7. Bd3 Nbd7
8. Nf3 exf4 9. Bxf4 h6 10. O-O-O g5 11. Bg3 c6 12. e5 Nh5 13. Ne4 Rf8 14. Nf6
Ng7 15. h4 Bc5 16. Rhe1 Ne6 17. Bf5 gxh4 18. Bxh4 Be7 19. Rd2 Kc7 20. Red1 Bxf6
21. exf6 Rg8 22. g4 Ndc5 23. Bg3+ Kb6 24. Ne5 Rf8 25. b4 Na4 26. c4 a5 27. Bf2+
Kc7 28. Rd7+ Bxd7 29. Rxd7+ Kc8 30. b5 cxb5 31. cxb5 Nc3 32. b6 Nxa2+ 33. Kb2
Nb4 34. Rc7+ Kd8 35. Nxf7+ Ke8 36. Re7# 1-0

[Event "XXXVI C.to Italiano Seniores"]
[Site "Fano ITA"]
[Date "2014.04.17"]
[Round "4"]
[White "Valenti, Giuseppe"]
[Black "Iudicello, Giovanni"]
[WhiteElo "2165"]
[BlackElo "2119"]
[Result "1/2-1/2"]
[PlyCount "145"]
[EventDate "2014.04.14"]

1. e4 e5 2. Nf3 Nc6 3. Bb5 a6 4. Ba4 Nf6 5. d3 b5 6. Bb3 Be7 7. O-O d6 8. c3
O-O 9. a4 Bd7 10. Re1 Na5 11. Bc2 c5 12. Nbd2 Qc7 13. axb5 axb5 14. d4 cxd4 15.
cxd4 Nc6 16. Rxa8 Rxa8 17. Nb3 Rc8 18. h3 Nb4 19. Bb1 Be6 20. d5 Bd7 21. Bd2
Na6 22. Ba5 Qa7 23. Bd3 Nc5 24. Nxc5 Qxa5 25. Nxd7 Nxd7 26. Qa1 Qb6 27. b4 Nb8
28. Qa3 g6 29. Ra1 Bd8 30. Qa5 Qc7 31. Qxc7 Rxc7 32. Ra8 Rb7 33. Nd2 Kg7 34.
Nb1 Bg5 35. Nc3 Bd2 36. Na2 Nd7 37. Ra5 Nf6 38. f3 Nh5 39. Bxb5 f5 40. exf5
gxf5 41. Kf2 e4 42. Ke2 e3 43. g4 Nf4+ 44. Kd1 Nxh3 45. gxf5 Kf6 46. Bf1 Nf4
47. Ba6 Rg7 48. Ra3 Nxd5 49. Rd3 Ke5 50. f6 Nxf6 51. Nc3 d5 52. f4+ Kxf4 53.
Nxd5+ Nxd5 54. Rxd5 Ke4 55. Rh5 Rc7 56. Ke2 Kf4 57. Bd3 Rc1 58. Bxh7 Re1+ 59.
Kd3 Kg4 60. Re5 Rh1 61. Be4 Rb1 62. b5 Rb3+ 63. Ke2 Kf4 64. Re8 Rb2 65. Kd3 Bb4
66. Bh7 Rd2+ 67. Kc4 Ba5 68. Bd3 Rb2 69. Rf8+ Kg3 70. Rg8+ Kf2 71. Rh8 e2 72.
Rh2+ Kf3 73. Rxe2 1/2-1/2

[Event "XXXVI C.to Italiano Seniores"]
[Site "Fano ITA"]
[Date "2014.04.18"]
[Round "5"]
[White "Bruno, Fabio"]
[Black "Beltrami, Nerio"]
[WhiteElo "2413"]
[BlackElo "1904"]
[Result "1-0"]
[PlyCount "59"]
[EventDate "2014.04.14"]

1. Nf3 Nf6 2. c4 g6 3. Nc3 Bg7 4. g3 O-O 5. Bg2 d6 6. O-O c5 7. d4 Nc6 8. h3
Bd7 9. Be3 cxd4 10. Nxd4 Nxd4 11. Bxd4 Bc6 12. e4 e6 13. Rc1 a6 14. Re1 Qc7 15.
Qd2 Rac8 16. Red1 Rfd8 17. Nd5 exd5 18. cxd5 Qd7 19. dxc6 Rxc6 20. Rxc6 bxc6
21. b3 Ne8 22. Be3 f6 23. Qa5 Ra8 24. Rc1 Qb7 25. e5 d5 26. Rxc6 Qb5 27. Bxd5+
Kh8 28. Qxb5 axb5 29. exf6 Nxf6 30. Rxf6 1-0

[Event "XXXVI C.to Italiano Seniores"]
[Site "Fano ITA"]
[Date "2014.04.18"]
[Round "5"]
[White "Facchetti, Gianni"]
[Black "Valenti, Giuseppe"]
[WhiteElo "2086"]
[BlackElo "2165"]
[Result "1-0"]
[PlyCount "93"]
[EventDate "2014.04.14"]

1. e4 d6 2. d4 Nf6 3. Nc3 e5 4. dxe5 dxe5 5. Qxd8+ Kxd8 6. f4 Bd6 7. f5 h6 8.
Bd3 Nbd7 9. Nge2 c6 10. h3 b5 11. g4 Nc5 12. Ng3 Bb7 13. Be3 Kc7 14. O-O-O b4
15. Nb1 Nxd3+ 16. cxd3 Ba6 17. Kc2 h5 18. g5 Nd7 19. Nd2 h4 20. Ngf1 Nc5 21.
Nb3 Nxb3 22. axb3 Bb5 23. Nd2 a5 24. Nc4 c5 25. Ra1 a4 26. bxa4 Bxa4+ 27. b3
Bb5 28. Kb2 Bd7 29. Rxa8 Rxa8 30. Bf2 g6 31. fxg6 fxg6 32. Bxh4 Rh8 33. Bg3 Re8
34. Ra1 Bb5 35. Ra7+ Kc6 36. Rf7 Bxc4 37. dxc4 Re6 38. h4 Be7 39. Kc2 Kd7 40.
Rf3 Ke8 41. Rd3 Bd6 42. Kd2 Kf7 43. Ke2 Kg8 44. Kf3 Kg7 45. Kg4 Kg8 46. Rd5 Kf7
47. Bf2 1-0

[Event "XXXVI C.to Italiano Seniores"]
[Site "Fano ITA"]
[Date "2014.04.18"]
[Round "5"]
[White "Iudicello, Giovanni"]
[Black "Antonelli, Fabrizio"]
[WhiteElo "2119"]
[BlackElo "2030"]
[Result "0-1"]
[PlyCount "92"]
[EventDate "2014.04.14"]

1. e4 e5 2. Nf3 Nc6 3. Bb5 a6 4. Ba4 Nf6 5. O-O Be7 6. Re1 b5 7. Bb3 O-O 8. c3
d6 9. h3 Nb8 10. d4 Nbd7 11. Nbd2 Bb7 12. Bc2 c5 13. d5 c4 14. Nf1 Nc5 15. g4
a5 16. Ng3 g6 17. Bh6 Re8 18. Qd2 a4 19. a3 Bc8 20. Kh2 Ra7 21. Rg1 Bf8 22. Kh1
Kh8 23. Rg2 Ng8 24. Bg5 f6 25. Be3 Rc7 26. Rag1 Bg7 27. Rh2 Rf8 28. Ne1 Rff7
29. f4 Qf8 30. f5 Bh6 31. h4 Bxe3 32. Qxe3 gxf5 33. Nxf5 Bxf5 34. exf5 Rg7 35.
Nf3 Qf7 36. Rd2 Ne7 37. Be4 Rc8 38. Nh2 Rcg8 39. Rf1 Rxg4 40. Nxg4 Rxg4 41. Bg2
Rxh4+ 42. Kg1 Qg8 43. Qf3 Ne4 44. Rdd1 Ng5 45. Qg3 Nh3+ 46. Kh2 Nf4+ 0-1

[Event "XXXVI C.to Italiano Seniores"]
[Site "Fano ITA"]
[Date "2014.04.19"]
[Round "6"]
[White "Antonelli, Fabrizio"]
[Black "Bruno, Fabio"]
[WhiteElo "2030"]
[BlackElo "2413"]
[Result "0-1"]
[PlyCount "51"]
[EventDate "2014.04.14"]

1. e4 c5 2. Nf3 e6 3. d4 cxd4 4. Nxd4 Nf6 5. Bd3 Qb6 6. Nb3 Qc7 7. O-O d6 8.
Nc3 a6 9. f4 Nbd7 10. Be3 b5 11. Qf3 Bb7 12. Rae1 Be7 13. Kh1 O-O 14. Bg1 Nc5
15. Nd1 Nfxe4 16. Nxc5 Nxc5 17. Bxh7+ Kxh7 18. Qh5+ Kg8 19. Re3 f5 20. Rh3 Bf6
21. Bxc5 dxc5 22. Ne3 Be4 23. Qg6 Ra7 24. c3 Rd8 25. Rh7 Qf7 26. Rh8+ 0-1

[Event "XXXVI C.to Italiano Seniores"]
[Site "Fano ITA"]
[Date "2014.04.19"]
[Round "6"]
[White "Beltrami, Nerio"]
[Black "Barlocco, Carlo"]
[WhiteElo "1904"]
[BlackElo "2089"]
[Result "1-0"]
[PlyCount "65"]
[EventDate "2014.04.14"]

1. e4 e5 2. Nf3 Nc6 3. Bb5 f5 4. d3 fxe4 5. dxe4 Nf6 6. O-O d6 7. Nc3 Be7 8. a3
O-O 9. Bc4+ Kh8 10. Ng5 d5 11. exd5 Nxd5 12. Qh5 Bxg5 13. Bxg5 Nf6 14. Qh4 Qd4
15. Nb5 Qxh4 16. Bxh4 Bf5 17. Nxc7 Rac8 18. Ne6 Rfe8 19. Ng5 Na5 20. Nf7+ Kg8
21. Nh6+ Kf8 22. Nxf5 Nxc4 23. b3 Nd2 24. Rfc1 Rc6 25. Bg5 Nfe4 26. Bh4 g5 27.
f3 Nc3 28. Bxg5 Ne2+ 29. Kf2 Nxc1 30. Rxc1 Nxb3 31. cxb3 Rxc1 32. Bxc1 Rc8 33.
Bh6+ 1-0

[Event "XXXVI C.to Italiano Seniores"]
[Site "Fano ITA"]
[Date "2014.04.20"]
[Round "7"]
[White "Bruno, Fabio"]
[Black "Laco, Giuseppe"]
[WhiteElo "2413"]
[BlackElo "2060"]
[Result "1-0"]
[PlyCount "61"]
[EventDate "2014.04.14"]

1. d4 g6 2. c4 Bg7 3. Nf3 d6 4. Nc3 e6 5. e4 f5 6. Bd3 c6 7. Qe2 Ne7 8. h4 h6
9. exf5 gxf5 10. h5 Na6 11. Bf4 Nb4 12. O-O-O Nxd3+ 13. Rxd3 Kf7 14. c5 d5 15.
Ne5+ Bxe5 16. Qxe5 Rh7 17. Rg3 Ng8 18. Rg6 Qa5 19. Re1 Qd8 20. Rxe6 Bxe6 21.
Qxe6+ Kf8 22. Bd6+ Ne7 23. Qf6+ Ke8 24. Qg6+ Rf7 25. Bxe7 Qxe7 26. Rxe7+ Kxe7
27. Qd6+ Ke8 28. Qxh6 Rd8 29. Ne2 Ke7 30. Nf4 Rf6 31. Qg7+ 1-0

[Event "XXXVI C.to Italiano Seniores"]
[Site "Fano ITA"]
[Date "2014.04.20"]
[Round "7"]
[White "Facchetti, Gianni"]
[Black "Beltrami, Nerio"]
[WhiteElo "2086"]
[BlackElo "1904"]
[Result "1-0"]
[PlyCount "73"]
[EventDate "2014.04.14"]

1. e4 d6 2. d4 g6 3. Nc3 Bg7 4. Be3 c6 5. h3 b5 6. Bd3 Nd7 7. Nf3 Bb7 8. Ne2 a6
9. c3 Ngf6 10. Ng3 Qc7 11. O-O O-O 12. Qd2 e5 13. Bh6 Rfe8 14. Bxg7 Kxg7 15.
Qg5 Kh8 16. Rfe1 Ng8 17. Rad1 h6 18. Qd2 Kg7 19. Nh2 Ngf6 20. f4 c5 21. fxe5
dxe5 22. d5 c4 23. Bc2 Rad8 24. Rf1 Qc5+ 25. Kh1 Rh8 26. Rf3 Qd6 27. Rdf1 Rdf8
28. Qf2 Qe7 29. Qa7 Ra8 30. Qxb7 Rhb8 31. Qc7 Rc8 32. Qa5 Qc5 33. Ng4 Nxg4 34.
Rxf7+ Kg8 35. hxg4 Qe3 36. Rxd7 Qxg3 37. Qb6 1-0

[Event "XXXVI C.to Italiano Seniores"]
[Site "Fano ITA"]
[Date "2014.04.20"]
[Round "7"]
[White "Iudicello, Giovanni"]
[Black "Cavatorta, Fosco"]
[WhiteElo "2119"]
[BlackElo "1906"]
[Result "1/2-1/2"]
[PlyCount "140"]
[EventDate "2014.04.14"]

1. e4 d6 2. d4 Nf6 3. Nc3 c6 4. f4 Qa5 5. Bd3 e5 6. Nf3 exd4 7. Nxd4 g6 8. Be3
Bg7 9. h3 O-O 10. O-O Nbd7 11. a3 Re8 12. Qf3 Qc7 13. Nde2 a6 14. g4 h6 15. Ng3
c5 16. g5 hxg5 17. fxg5 Ne5 18. Qg2 Nfd7 19. Nd5 Qd8 20. Be2 b5 21. Rad1 Bb7
22. h4 Bxd5 23. Rxd5 Nb6 24. Rdd1 Qc7 25. b3 a5 26. Bxb5 Re7 27. a4 Ng4 28. Bf4
Bd4+ 29. Kh1 Be5 30. Qf3 Bxf4 31. Qxf4 Ne5 32. Kg2 c4 33. Qd2 Nc8 34. Qd5 Ng4
35. Rfe1 Re5 36. Qxa8 cxb3 37. Qc6 Qxc6 38. Bxc6 Rc5 39. Bd7 Rxc2+ 40. Kg1 Ne5
41. Re2 Rxe2 42. Nxe2 Nxd7 43. Nd4 Nc5 44. Rb1 Nb6 45. Nxb3 Nbxa4 46. Nxa5 Nxe4
47. Nc6 Nac5 48. Ne7+ Kg7 49. Nd5 f6 50. gxf6+ Nxf6 51. Rd1 Nfe4 52. Kg2 Kh6
53. Nf4 g5 54. hxg5+ Kxg5 55. Kf3 Kf6 56. Ke3 Ke7 57. Rh1 Nf6 58. Rg1 Kf7 59.
Ra1 Ng4+ 60. Ke2 Kf6 61. Nd3 Nxd3 62. Kxd3 Ne5+ 63. Kd4 Ke6 64. Re1 Kd7 65. Kd5
Nc6 66. Rh1 Ne7+ 67. Ke4 Ke6 68. Rg1 Kd7 69. Rg7 Ke6 70. Rh7 Kd7 1/2-1/2

[Event "VI Memorial Nicola Palladino A"]
[Site "Milano ITA"]
[Date "2014.04.17"]
[Round "1"]
[White "Colica, Daniele"]
[Black "Baltzopoulos, Giorgos"]
[WhiteElo "1727"]
[BlackElo "2030"]
[Result "0-1"]
[PlyCount "68"]
[EventDate "2014.04.17"]

1. Nf3 c5 2. b3 d6 3. Bb2 Nc6 4. e3 Nf6 5. Bb5 Bd7 6. O-O a6 7. Bxc6 Bxc6 8. d4
e6 9. Nbd2 b6 10. c4 Be7 11. Qc2 O-O 12. e4 Nd7 13. Rad1 Qc7 14. Rfe1 Bb7 15.
e5 cxd4 16. exd6 Bxd6 17. Bxd4 Bf4 18. Ne4 Qc6 19. Qb2 f6 20. Nc3 Ne5 21. Bxe5
Bxe5 22. Qc2 Rad8 23. Rxd8 Rxd8 24. Rd1 Rxd1+ 25. Nxd1 f5 26. Ne3 Bf6 27. Ne1
h5 28. Qe2 h4 29. Qh5 Qd7 30. Nf3 Qf7 31. Qxf7+ Kxf7 32. Ne1 Be4 33. N1c2 f4
34. f3 Bd3 0-1

[Event "VI Memorial Nicola Palladino A"]
[Site "Milano ITA"]
[Date "2014.04.17"]
[Round "1"]
[White "Darvishi, Mahmood"]
[Black "Quagliarella, Sabino Remo"]
[WhiteElo "2051"]
[BlackElo "1863"]
[Result "0-1"]
[PlyCount "68"]
[EventDate "2014.04.17"]

1. e4 c5 2. Nf3 d6 3. d4 cxd4 4. Nxd4 Nf6 5. Nc3 a6 6. Bg5 Nbd7 7. f4 Qc7 8.
Qf3 g6 9. O-O-O Bg7 10. g4 Rb8 11. Kb1 b5 12. Bd3 Bb7 13. Nde2 b4 14. Nd5 Nxd5
15. exd5 Nb6 16. Be4 Qc5 17. f5 Be5 18. fxg6 hxg6 19. Rhf1 f6 20. Be3 Qc7 21.
Bxg6+ Kd8 22. Bxb6 Qxb6 23. Nf4 Bxf4 24. Qxf4 Qc5 25. Be4 a5 26. Rh1 Rh3 27.
Bg2 Re3 28. Rd2 Re5 29. Rhd1 Rc8 30. Be4 Qc4 31. Rd4 Qe2 32. h4 Rc4 33. Qd2
Qxd2 34. R1xd2 Rxe4 0-1

[Event "VI Memorial Nicola Palladino A"]
[Site "Milano ITA"]
[Date "2014.04.17"]
[Round "1"]
[White "Girgenti, Giuseppe"]
[Black "Cazzaniga, Walter"]
[WhiteElo "1935"]
[BlackElo "2128"]
[Result "0-1"]
[PlyCount "84"]
[EventDate "2014.04.17"]

1. e4 e6 2. d4 d5 3. e5 c5 4. c3 Nc6 5. Nf3 Qb6 6. Bd3 cxd4 7. cxd4 Bd7 8. O-O
Nxd4 9. Nbd2 a5 10. Nxd4 Qxd4 11. Nf3 Qb6 12. Ng5 Nh6 13. Nxh7 Be7 14. Bxh6
gxh6 15. Qe2 O-O-O 16. Nf6 Bc6 17. Rfc1 Kb8 18. Rc2 d4 19. Rac1 h5 20. Rxc6
bxc6 21. Qf3 c5 22. a4 Ka7 23. Bb5 Bxf6 24. Qxf6 Qc7 25. Qf3 Rd5 26. Qb3 Rxe5
27. f4 Rf5 28. g3 h4 29. Bd3 hxg3 30. Bxf5 gxh2+ 31. Kg2 Qc6+ 32. Kg3 exf5 33.
Qxf7+ Qb7 34. Qxf5 h1=Q 35. Rxh1 Rxh1 36. Qxc5+ Qb6 37. Qe7+ Ka6 38. Qe2+ Kb7
39. Qe4+ Qc6 40. Qe7+ Kb6 41. Qd8+ Ka6 42. Qxd4 Qg6+ 0-1

[Event "VI Memorial Nicola Palladino A"]
[Site "Milano ITA"]
[Date "2014.04.17"]
[Round "1"]
[White "Gonella, Daniele"]
[Black "Nepi, Ezio"]
[WhiteElo "2143"]
[BlackElo "1959"]
[Result "0-1"]
[PlyCount "94"]
[EventDate "2014.04.17"]

1. e4 c5 2. Nf3 d6 3. d4 cxd4 4. Qxd4 a6 5. c4 Nc6 6. Qd2 Nf6 7. Nc3 g6 8. b3
Bg7 9. Bb2 Bg4 10. Be2 O-O 11. O-O Qa5 12. Rfd1 Rac8 13. Rac1 b5 14. cxb5 axb5
15. Nd5 Qxd2 16. Rxd2 Nxd5 17. Bxg7 Kxg7 18. exd5 Bxf3 19. gxf3 Nd4 20. Rxc8
Nxe2+ 21. Rxe2 Rxc8 22. Rxe7 Rc5 23. Kf1 Rxd5 24. Ke2 Kf6 25. Rb7 Ke6 26. Ke3
h5 27. h3 Rc5 28. Kd3 Rf5 29. Ke4 Re5+ 30. Kd3 Rf5 31. f4 Rc5 32. b4 Rd5+ 33.
Ke3 f6 34. a3 g5 35. fxg5 fxg5 36. Rh7 Re5+ 37. Kf3 Rf5+ 38. Kg2 h4 39. Rb7 Rd5
40. Kf3 Kf5 41. Rf7+ Kg6 42. Rf8 Rf5+ 43. Rxf5 Kxf5 44. Ke3 g4 45. hxg4+ Kxg4
46. a4 h3 47. f3+ Kg3 0-1

[Event "VI Memorial Nicola Palladino A"]
[Site "Milano ITA"]
[Date "2014.04.17"]
[Round "1"]
[White "Pelizzola, Danilo"]
[Black "Scagliotti, Guglielmo"]
[WhiteElo "2120"]
[BlackElo "1896"]
[Result "1-0"]
[PlyCount "164"]
[EventDate "2014.04.17"]

1. e4 c5 2. Nf3 d6 3. d4 cxd4 4. Nxd4 Nf6 5. Nc3 a6 6. Be2 e5 7. Nb3 Be6 8. O-O
Be7 9. Be3 O-O 10. Qd2 d5 11. exd5 Nxd5 12. Nxd5 Qxd5 13. Rfd1 Qxd2 14. Rxd2
Nd7 15. Bf3 Rab8 16. Rad1 Rfd8 17. a3 f5 18. Bd5 Bxd5 19. Rxd5 Nf6 20. Rxd8+
Bxd8 21. Bg5 Rc8 22. c3 b6 23. Kf1 Kf7 24. Ke2 Ke6 25. f3 Nd5 26. Be3 Nxe3 27.
Kxe3 Bg5+ 28. Ke2 Rd8 29. Rxd8 Bxd8 30. Kd3 Bg5 31. a4 Kd6 32. Na1 Kc5 33. Nc2
Bc1 34. b3 Bg5 35. Nb4 a5 36. Nc2 Kd5 37. Na3 Bf6 38. Nc4 Kc5 39. Ne3 g6 40. g4
e4+ 41. fxe4 fxe4+ 42. Kc2 Be5 43. h3 h6 44. Ng2 h5 45. gxh5 gxh5 46. Kd2 Bf6
47. Nf4 h4 48. Kc2 Be5 49. Ne2 Kd5 50. Kd2 Bf6 51. Kc2 Be5 52. Nc1 Bf6 53. Na2
Be5 54. Kd2 Bf4+ 55. Ke2 Kc5 56. Kd1 Kd5 57. Nc1 Bxc1 58. Kxc1 e3 59. Kd1 Ke5
60. Ke2 Kf4 61. b4 Ke4 62. b5 Kd5 63. Kxe3 Kc4 64. Ke4 Kb3 65. Kd5 Kxa4 66. c4
Kb4 67. c5 a4 68. cxb6 a3 69. b7 a2 70. b8=Q a1=Q 71. Qf8+ Kb3 72. Qf3+ Kb4 73.
Qf4+ Ka5 74. Qc7+ Kb4 75. Qc5+ Kb3 76. Qc4+ Ka3 77. Qxh4 Qd1+ 78. Qd4 Qf3+ 79.
Kc4 Qf7+ 80. Kc3 Qc7+ 81. Kd3 Qh7+ 82. Kd2 Qb7 1-0